Space medicine (Record no. 70679)

MARC details
000 -LEADER
fixed length control field 01167cam a2200229 4500
001 - CONTROL NUMBER
control field ABS65616
008 - FIXED-LENGTH DATA ELEMENTS--GENERAL INFORMATION
fixed length control field 020704n2002 000 0 eng u
035 ## - SYSTEM CONTROL NUMBER
System control number (Sirsi) u118680
100 ## - MAIN ENTRY--PERSONAL NAME
Personal name Ellison, W.
245 ## - TITLE STATEMENT
Title Space medicine
260 ## - PUBLICATION, DISTRIBUTION, ETC.
Date of publication, distribution, etc. 2002
490 ## - SERIES STATEMENT
Series statement Estates Gazette
Volume/sequential designation (0223) 8 June 2002, 105(2)
520 ## - SUMMARY, ETC.
Summary, etc. Looks at the problems of office ergonomics and the benefits good office design can bring to everyone. Notes the British Council for Offices has just published a guide to good ergonomic practice, Best Practice for Offices, which argues the issue relates to good practice in the workplace. Argues that a balance should be struck between the human and the business and how cost effective the changes are as some of the alterations to the office environment can be very costly. People have to understand the dangers of the workplace though as accidents happen and the office is arguably as dangerous a place as a factory.
590 ## - LOCAL NOTE (RLIN)
Local note ABS
650 ## - SUBJECT ADDED ENTRY--TOPICAL TERM
Topical term or geographic name entry element ERGONOMICS
650 ## - SUBJECT ADDED ENTRY--TOPICAL TERM
Topical term or geographic name entry element OFFICE SPACE
650 ## - SUBJECT ADDED ENTRY--TOPICAL TERM
Topical term or geographic name entry element ACCIDENTS AT WORK
650 ## - SUBJECT ADDED ENTRY--TOPICAL TERM
Topical term or geographic name entry element OFFICE COSTS
650 ## - SUBJECT ADDED ENTRY--TOPICAL TERM
Topical term or geographic name entry element COST-EFFECTIVENESS
690 ## - LOCAL SUBJECT ADDED ENTRY--TOPICAL TERM (OCLC, RLIN)
Topical term or geographic name as entry element Health and safety
9 (RLIN) 6244
942 ## - ADDED ENTRY ELEMENTS (KOHA)
Suppress in OPAC 0
Holdings
Withdrawn status Lost status Source of classification or shelving scheme Damaged status Not for loan Home library Current library Shelving location Date acquired Total Checkouts Full call number Barcode Date last seen Copy number Price effective from Koha item type
    Dewey Decimal Classification     London London Journal article 04/07/2002   ABS65616 118680-1001 06/08/2019 1 06/08/2019 Journal article